| 000 | 00809cab a2200217 4500 | ||
|---|---|---|---|
| 001 | ABS45508 | ||
| 008 | 090401t1991 xxu||||| |||| 00| 0 eng d | ||
| 035 | _a(Sirsi) u53463 | ||
| 041 | _aeng | ||
| 100 | _aVarcoe, B.J. | ||
| 245 | _aProactive premises management - the premises audit | ||
| 260 | _c1991 | ||
| 350 | _a0 | ||
| 490 |
_aProperty Management _v9(4) Autumn 1991, 364-272(9) |
||
| 520 | _aHighlights factors to be considered when carrying out a premises audit. These include rents and rates, service charges, fuel costs, cleaning and maintenance, asset management, information technology as well as environmental factors. Further sources. | ||
| 650 |
_aFACILITIES MANAGEMENT _96240 |
||
| 650 | _aPREMISES AUDIT | ||
| 690 | _aPROPERTY LAW AND PRACTICE | ||
| 942 | _n0 | ||
| 948 | _c04/03/1997 | ||
| 999 |
_c32954 _d32954 |
||